000
00303nam a2200109Ia 4500
008
200302s9999 xx 000 0 und d
100
_a
Richard Dattner, FAIA
245
_a
Civil Architectrure the new Public Infrastructure
260
_b
Tata Mcgraw-Hill Publishing Co.
260
_c
1995
300
_a
243 P.,
999
_c
1870
_d
1870